[Event "ACP Blitz Prelim3"]
[Site "playchess.com INT"]
[Date "2004.04.14"]
[Round "8"]
[White "Belov, Vladimir"]
[Black "Vaisser, Anatoli"]
[Result "1-0"]
[WhiteElo "2543"]
[BlackElo "2573"]
[PlyCount "113"]
[EventDate "2004.04.14"]
[EventType "tourn (blitz)"]
[EventRounds "17"]
[EventCountry "GER"]
[EventCategory "12"]
[Source "ChessBase"]
[SourceDate "2004.05.04"]

1. d4 Nf6 2. c4 c5 3. d5 b5 4. cxb5 a6 5. f3 e6 6. e4 Bd6 7. dxe6 dxe6 8. bxa6
O-O 9. Nc3 Bxa6 10. Bxa6 Nxa6 11. Nh3 Qb8 12. f4 Rd8 13. Qe2 e5 14. f5 h6 15.
g4 Nb4 16. Nf2 c4 17. O-O Bc5 18. g5 hxg5 19. Bxg5 Nd3 20. Kh1 Ra6 21. Bxf6
Rxf6 22. Ng4 Rfd6 23. Rab1 Bd4 24. Nd5 Qb7 25. Qg2 Nxb2 26. Ngf6+ Kf8 27. Nh7+
Ke8 28. Qxg7 Rxd5 29. Nf6+ Ke7 30. Nxd5+ Rxd5 31. f6+ Kd6 32. Qf8+ Ke6 33. Qe8+
Kd6 34. Qd8+ Ke6 35. Qxd5+ Qxd5 36. exd5+ Kxd5 37. h4 c3 38. Rbc1 Kc4 39. h5
Be3 40. Rce1 Bf4 41. Re4+ Kd5 42. Rexf4 exf4 43. h6 c2 44. Rc1 Nd3 45. Rxc2 Ne5
46. Rd2+ Kc6 47. h7 Ng6 48. Rg2 Nh8 49. Rg8 f3 50. Rxh8 f2 51. Kg2 Kd5 52. Re8
Kd6 53. Re7 Kd5 54. h8=Q Kd4 55. Kxf2 Kd3 56. Qd8+ Kc4 57. Rc7+ 1-0

[Event "Sao Paulo CXSP op"]
[Site "Sao Paulo"]
[Date "2004.05.13"]
[Round "8"]
[White "Leitao, Rafael"]
[Black "Milos, Gilberto"]
[Result "1/2-1/2"]
[WhiteElo "2564"]
[BlackElo "2599"]
[PlyCount "24"]
[EventDate "2004.05.07"]
[EventType "swiss"]
[EventRounds "9"]
[EventCountry "BRA"]
[Source "ChessBase"]
[SourceDate "2004.07.06"]

1. d4 Nf6 2. c4 c5 3. d5 b5 4. Nf3 bxc4 5. Nc3 g6 6. e4 d6 7. Bxc4 Bg7 8. e5
dxe5 9. Nxe5 O-O 10. O-O Ne8 11. Re1 Nd6 12. Bb3 Bb7 1/2-1/2

[Event "Pardubice Skanska op"]
[Site "Pardubice"]
[Date "2004.07.30"]
[Round "8"]
[White "Inarkiev, Ernesto"]
[Black "Vuckovic, Bojan"]
[Result "1-0"]
[WhiteElo "2591"]
[BlackElo "2529"]
[PlyCount "58"]
[EventDate "2004.07.23"]
[EventType "swiss"]
[EventRounds "9"]
[EventCountry "CZE"]
[Source "ChessBase"]
[SourceDate "2004.09.01"]

1. d4 Nf6 2. c4 c5 3. d5 b5 4. Nf3 g6 5. cxb5 a6 6. b6 d6 7. Nc3 Nbd7 8. e4 Bg7
9. a4 a5 10. Bb5 O-O 11. O-O Nxb6 12. Bf4 Ne8 13. Qc1 Bg4 14. Be2 Rb8 15. Bh6
Bxh6 16. Qxh6 Bxf3 17. Bxf3 Nc7 18. Be2 Nd7 19. Nb5 Nf6 20. Qe3 Nxb5 21. Bxb5
Ne8 22. b3 Nc7 23. Bc4 Rb4 24. f4 Ne8 25. Rf3 Kh8 26. Qc3+ f6 27. Re1 Ng7 28.
Rh3 Qd7 29. Qg3 Rf7 1-0

[Event "HUN-ch 54th"]
[Site "Budapest"]
[Date "2004.08.24"]
[Round "6"]
[White "Ruck, Robert"]
[Black "Gyimesi, Zoltan"]
[Result "1/2-1/2"]
[WhiteElo "2575"]
[BlackElo "2618"]
[PlyCount "54"]
[EventDate "2004.08.19"]
[EventType "tourn"]
[EventRounds "9"]
[EventCountry "HUN"]
[EventCategory "13"]
[Source "ChessBase"]
[SourceDate "2004.11.11"]

1. d4 Nf6 2. c4 c5 3. d5 b5 4. cxb5 a6 5. bxa6 g6 6. Nc3 Bxa6 7. Nf3 Bg7 8. e4
Bxf1 9. Kxf1 d6 10. g3 O-O 11. Kg2 Nbd7 12. Re1 Qa5 13. h3 Rfb8 14. e5 dxe5 15.
Nxe5 Nxe5 16. Rxe5 Ra7 17. Qf3 Rd7 18. Re2 c4 19. Bf4 Rbd8 20. Be5 Nxd5 21.
Bxg7 Kxg7 22. Nxd5 Qxd5 23. Qxd5 Rxd5 24. Rxe7 Rd2 25. Rc1 Rxb2 26. Rxc4 Rxa2
27. Rf4 Rf8 1/2-1/2

[Event "RUS Cup"]
[Site "Internet"]
[Date "2004.09.07"]
[Round "?"]
[White "Volkov, Sergey"]
[Black "Iljushin, Alexei"]
[Result "0-1"]
[WhiteElo "2620"]
[BlackElo "2553"]
[PlyCount "118"]
[EventDate "2004.09.??"]
[EventType "swiss"]
[EventRounds "13"]
[EventCountry "RUS"]
[Source "ChessBase"]
[SourceDate "2004.11.03"]

1. d4 Nf6 2. c4 c5 3. d5 b5 4. cxb5 a6 5. f3 e6 6. e4 exd5 7. exd5 Bd6 8. Qe2+
Kf8 9. Nc3 Bb7 10. Qd2 Be5 11. bxa6 Nxa6 12. Bxa6 Bxa6 13. Nge2 h5 14. O-O Qc7
15. f4 Bd6 16. Kh1 h4 17. b3 h3 18. g3 Qb7 19. Bb2 c4 20. Rfd1 Rh5 21. Qd4 cxb3
22. Ng1 Rc8 23. Nf3 Rc4 24. Qd2 Bb4 25. Ne5 Bxc3 26. Bxc3 Ne4 27. Qe2 Rxe5 28.
Bxe5 b2 29. Qxb2 Qxb2 30. Bxb2 Nf2+ 31. Kg1 Nxd1 32. Rxd1 Rc2 33. Be5 Rg2+ 34.
Kh1 Rxa2 35. Ra1 Rc2 36. Bd6+ Kg8 37. Kg1 Rg2+ 38. Kh1 Bc4 39. Rd1 Be2 40. Rg1
Rf2 41. Re1 Bf3+ 42. Kg1 Rg2+ 43. Kf1 Rxh2 44. Re8+ Kh7 45. g4 Rc2 46. f5 h2
47. Bxh2 Rxh2 48. d6 Bxg4 49. Re7 Bxf5 50. Rxf7 Kg6 51. Re7 Rd2 52. Ke1 Rxd6
53. Kf2 Be6 54. Kg3 Ra6 55. Re8 Kf7 56. Kf4 Kxe8 57. Kg5 Kf7 58. Kh5 Ra5+ 59.
Kh4 Kf6 0-1

[Event "Zadar op"]
[Site "Zadar"]
[Date "2004.12.15"]
[Round "4.6"]
[White "Sedlak, Nikola"]
[Black "Leventic, Ivan"]
[Result "1/2-1/2"]
[WhiteElo "2521"]
[BlackElo "2502"]
[PlyCount "47"]
[EventDate "2004.12.13"]
[EventType "swiss"]
[EventRounds "9"]
[EventCountry "CRO"]
[Source "ChessBase"]
[SourceDate "2004.12.30"]

1. d4 Nf6 2. c4 c5 3. d5 b5 4. cxb5 a6 5. bxa6 Bxa6 6. Nc3 g6 7. g3 d6 8. Bg2
Bg7 9. Nf3 Nbd7 10. Rb1 Nb6 11. b3 Bb7 12. Nh4 O-O 13. O-O Ne8 14. Bb2 Nc7 15.
e4 e6 16. dxe6 fxe6 17. Na4 Nxa4 18. Bxg7 Kxg7 19. bxa4 Bc6 20. Rb6 Qd7 21.
Qa1+ Kg8 22. e5 Nd5 23. Rbb1 Rxa4 24. exd6 1/2-1/2

[Event "Kavala op"]
[Site "Kavala"]
[Date "2005.??.??"]
[Round "6"]
[White "Atalik, Suat"]
[Black "Vajda, Levente"]
[Result "1-0"]
[WhiteElo "2561"]
[BlackElo "2541"]
[PlyCount "81"]
[EventDate "2005.08.??"]
[EventType "swiss"]
[EventRounds "9"]
[EventCountry "GRE"]
[Source "ChessBase"]
[SourceDate "2005.09.02"]

1. d4 Nf6 2. c4 c5 3. d5 b5 4. cxb5 a6 5. bxa6 g6 6. Nc3 Bxa6 7. g3 d6 8. Bg2
Bg7 9. Nf3 O-O 10. O-O Nbd7 11. Qc2 Rb8 12. Rd1 Qa5 13. Rb1 Nb6 14. b3 Bb7 15.
e4 Ng4 16. Bd2 f5 17. exf5 Qa8 18. fxg6 h5 19. Be1 Nxd5 20. Nxd5 Bxd5 21. Rxd5
Qxd5 22. Rd1 Qf5 23. Qc4+ Kh8 24. Nh4 Qe5 25. Bf3 Nh6 26. Kg2 e6 27. Ba5 Nf5
28. Re1 Qd4 29. Qxd4 Nxd4 30. Bc7 d5 31. Bxb8 Rxb8 32. Bxh5 c4 33. bxc4 dxc4
34. Nf3 Rb2 35. Re4 Nxf3 36. Rxc4 Bd4 37. Kxf3 Rxf2+ 38. Kg4 Be5 39. a4 Rxh2
40. Re4 Bxg3 41. Kxg3 1-0

[Event "Abu Dhabi op 15th"]
[Site "Abu Dhabi"]
[Date "2005.08.19"]
[Round "5"]
[White "Anastasian, Ashot"]
[Black "Ghaem Maghami, Ehsan"]
[Result "1-0"]
[WhiteElo "2595"]
[BlackElo "2603"]
[PlyCount "143"]
[EventDate "2005.08.14"]
[EventType "swiss"]
[EventRounds "9"]
[EventCountry "UAE"]
[Source "ChessBase"]
[SourceDate "2005.09.02"]

1. d4 Nf6 2. c4 c5 3. d5 b5 4. cxb5 a6 5. bxa6 g6 6. Nc3 Bxa6 7. Nf3 d6 8. e4
Bxf1 9. Kxf1 Bg7 10. g3 O-O 11. Kg2 Nbd7 12. h3 Ra6 13. Re1 Qa8 14. Re2 Nb6 15.
Bg5 Na4 16. Qc2 Rb8 17. Rb1 h6 18. Bxf6 Bxf6 19. Nxa4 Rxa4 20. b3 Ra3 21. Rc1
Qa5 22. Qd2 Qxd2 23. Rxd2 Kf8 24. Rcc2 Rba8 25. Ne1 c4 26. bxc4 Bc3 27. Re2
Bxe1 28. Rxe1 Rxa2 29. Ree2 Rxc2 30. Rxc2 Ra5 31. Kf3 Kg7 32. Ke3 Kf6 33. Kd4
Ra1 34. c5 Rd1+ 35. Ke3 dxc5 36. Rxc5 Re1+ 37. Kf3 Rd1 38. h4 Rd3+ 39. Kf4 g5+
40. hxg5+ hxg5+ 41. Kg4 Rd4 42. f3 Kg6 43. Rc6+ f6 44. Re6 Kf7 45. f4 gxf4 46.
gxf4 Rd1 47. Kf5 Rd2 48. Ra6 Rd1 49. Ra8 Rd2 50. Rh8 Kg7 51. Rh3 Rd4 52. Rh2
Kf7 53. Rh7+ Kf8 54. Kg6 Ke8 55. Rh8+ Kd7 56. Kf5 Ra4 57. Rb8 Rd4 58. Ra8 Rb4
59. Ra6 Rd4 60. Re6 Rd1 61. Kg6 Rh1 62. f5 Rh8 63. Kg7 Rh4 64. d6 exd6 65. Kxf6
Rg4 66. e5 dxe5 67. Rxe5 Rh4 68. Re1 Rh2 69. Kg6 Rg2+ 70. Kf7 Rf2 71. f6 Rg2
72. Rd1+ 1-0

[Event "GRE Cup final"]
[Site "Kalamata"]
[Date "2005.11.15"]
[Round "2"]
[White "Azmaiparashvili, Zurab"]
[Black "Halkias, Stelios"]
[Result "1/2-1/2"]
[WhiteElo "2658"]
[BlackElo "2540"]
[PlyCount "51"]
[EventDate "2005.11.15"]
[EventType "team"]
[EventRounds "2"]
[EventCountry "GRE"]
[Source "ChessBase"]
[SourceDate "2006.01.03"]

1. d4 Nf6 2. c4 c5 3. d5 b5 4. cxb5 a6 5. bxa6 g6 6. g3 Bxa6 7. Bg2 d6 8. Nf3
Nbd7 9. O-O Bg7 10. Nc3 Nb6 11. Re1 O-O 12. h3 Nfd7 13. Bf4 Nc4 14. Qc1 Rb8 15.
Rb1 Re8 16. Nd2 Nce5 17. Nde4 Qa5 18. Bh6 Bh8 19. Nd2 Nb6 20. Qc2 Nbc4 21. Rec1
Rb7 22. Nb3 Qb4 23. Qd1 Nd7 24. Qe1 Reb8 25. Rc2 Be5 26. Rbc1 1/2-1/2

[Event "Budapest FS12 GM-B"]
[Site "Budapest"]
[Date "2005.12.09"]
[Round "7"]
[White "Ilincic, Zlatko"]
[Black "Vajda, Levente"]
[Result "1-0"]
[WhiteElo "2540"]
[BlackElo "2547"]
[PlyCount "69"]
[EventDate "2005.12.03"]
[EventType "tourn"]
[EventRounds "11"]
[EventCountry "HUN"]
[EventCategory "7"]
[Source "ChessBase"]
[SourceDate "2006.01.03"]

1. d4 Nf6 2. c4 c5 3. d5 b5 4. Qc2 bxc4 5. e4 g6 6. Bxc4 d6 7. Nf3 Bg7 8. O-O
O-O 9. h3 Ba6 10. Nbd2 Nfd7 11. Rb1 Nb6 12. b3 Qc8 13. Bb2 Bxb2 14. Rxb2 N8d7
15. Re1 f6 16. Nh4 Rb8 17. f4 Nxc4 18. bxc4 Rxb2 19. Qxb2 Nb6 20. Qc2 Qe8 21.
Re3 Bc8 22. e5 fxe5 23. fxe5 Qf7 24. Nhf3 Qg7 25. e6 Bb7 26. Ra3 Ra8 27. Kh2
Qf6 28. Qe4 Qb2 29. Rb3 Qf6 30. a4 Ba6 31. a5 Na4 32. Qc2 Rf8 33. h4 Qf4+ 34.
g3 Qf6 35. Qc1 1-0

[Event "Beijing zt 3.3"]
[Site "Beijing"]
[Date "2005.10.21"]
[Round "2"]
[White "Liang Chong"]
[Black "Zhou Jianchao"]
[Result "1-0"]
[WhiteElo "2515"]
[BlackElo "2516"]
[PlyCount "87"]
[EventDate "2005.10.20"]
[EventType "tourn"]
[EventRounds "9"]
[EventCountry "CHN"]
[EventCategory "10"]
[Source "ChessBase"]
[SourceDate "2006.01.31"]

1. d4 Nf6 2. c4 c5 3. d5 b5 4. f3 bxc4 5. e4 d6 6. Bxc4 g6 7. Ne2 Bg7 8. O-O
O-O 9. Nec3 Nbd7 10. Be2 Nb6 11. a4 a5 12. Na3 e6 13. dxe6 Bxe6 14. Bg5 h6 15.
Bh4 g5 16. Bf2 Qe7 17. Qc2 Rac8 18. Rfe1 Nh5 19. Rad1 Nf4 20. Bf1 Be5 21. Ncb5
Kh8 22. Kh1 Rg8 23. Be3 Ng6 24. g3 d5 25. exd5 Bxd5 26. Bg2 Qf6 27. b3 Rge8 28.
Na7 Bxf3 29. Bxf3 Qxf3+ 30. Qg2 Qxg2+ 31. Kxg2 Bc3 32. Nxc8 Bxe1 33. Rxe1 Rxc8
34. Rc1 Rd8 35. Rxc5 Nd5 36. Bf2 Nf6 37. Rxa5 Ne4 38. Nc4 h5 39. Rf5 Kg7 40. a5
f6 41. Bb6 Rc8 42. Rd5 g4 43. a6 h4 44. Rd7+ 1-0

[Event "EU-ch Internet 3rd"]
[Site "playchess.com INT"]
[Date "2006.01.22"]
[Round "1.4"]
[White "Kiriakov, Petr"]
[Black "Dobrov, Vladimir"]
[Result "1/2-1/2"]
[WhiteElo "2555"]
[BlackElo "2515"]
[PlyCount "89"]
[EventDate "2006.01.22"]
[EventType "k.o. (blitz)"]
[EventRounds "4"]
[EventCountry "GER"]
[Source "ChessBase"]
[SourceDate "2006.03.10"]

1. d4 Nf6 2. c4 c5 3. d5 b5 4. cxb5 a6 5. bxa6 h6 6. Nc3 Bxa6 7. Nf3 d6 8. g3
Nbd7 9. Bg2 g6 10. O-O Bg7 11. Qc2 O-O 12. Rd1 Qa5 13. Rb1 Rfb8 14. Bd2 Ng4 15.
b3 Nge5 16. Nxe5 Nxe5 17. h3 h5 18. f4 Nd7 19. Bf3 h4 20. g4 c4 21. Kg2 cxb3
22. axb3 Rc8 23. b4 Qb6 24. Rdc1 Rc4 25. Qd1 Rac8 26. Ne4 Nf6 27. Nxf6+ Bxf6
28. Rxc4 Bxc4 29. Rc1 Qd4 30. Qe1 Ra8 31. g5 Bg7 32. Bc3 Qxf4 33. Bxg7 Bxe2 34.
Bxe2 Qxg5+ 35. Kh1 Qxd5+ 36. Kg1 Qg5+ 37. Kh2 Qf4+ 38. Kg2 Qe4+ 39. Kg1 Qe3+
40. Kf1 Qf4+ 41. Kg2 Qe4+ 42. Kh2 Qf4+ 43. Kg1 Qe3+ 44. Kf1 Qf4+ 45. Kg2
1/2-1/2

[Event "Schaumburg GM-B"]
[Site "Schaumburg"]
[Date "2006.04.21"]
[Round "7"]
[White "Georgiev, Vladimir"]
[Black "Gurevich, Dmitry"]
[Result "1/2-1/2"]
[WhiteElo "2535"]
[BlackElo "2503"]
[PlyCount "92"]
[EventDate "2006.04.18"]
[EventType "tourn"]
[EventRounds "9"]
[EventCountry "USA"]
[EventCategory "7"]
[Source "ChessBase"]
[SourceDate "2006.05.09"]

1. d4 Nf6 2. c4 c5 3. d5 b5 4. Nf3 b4 5. b3 d6 6. Bb2 g6 7. g3 Bg7 8. Bg2 O-O
9. O-O a5 10. a3 bxa3 11. Rxa3 Na6 12. Nbd2 Nb4 13. Ne1 Ra7 14. Nd3 e6 15. Nxb4
cxb4 16. Ra2 e5 17. c5 dxc5 18. Nc4 e4 19. Qa1 a4 20. Rxa4 Rxa4 21. Qxa4 Qxd5
22. Qa1 Nh5 23. Bxg7 Nxg7 24. Rd1 Qh5 25. Nd6 e3 26. Ne4 exf2+ 27. Kxf2 Qf5+
28. Kg1 Nh5 29. Bf3 Qe6 30. Rd3 Qe7 31. Qc1 Bf5 32. Re3 Bxe4 33. Rxe4 Qd6 34.
Bxh5 gxh5 35. Qg5+ Qg6 36. Re5 Rc8 37. Qe3 h6 38. Qf3 c4 39. Qb7 Qc6 40. Qxc6
Rxc6 41. bxc4 Rxc4 42. Rxh5 Kg7 43. Kf2 Rc1 44. Rb5 Rh1 45. Kg2 Rb1 46. Kf3
Rf1+ 1/2-1/2

[Event "Biel MTO op"]
[Site "Biel"]
[Date "2006.08.01"]
[Round "8"]
[White "Golod, Vitali"]
[Black "Avrukh, Boris"]
[Result "1/2-1/2"]
[WhiteElo "2576"]
[BlackElo "2641"]
[PlyCount "35"]
[EventDate "2006.07.24"]
[EventType "swiss"]
[EventRounds "11"]
[EventCountry "SUI"]
[Source "ChessBase"]
[SourceDate "2006.09.14"]

1. d4 Nf6 2. c4 c5 3. d5 b5 4. cxb5 a6 5. e3 axb5 6. Bxb5 Qa5+ 7. Nc3 Bb7 8.
Bd2 Qb6 9. Nf3 Nxd5 10. Nxd5 Bxd5 11. a4 e6 12. Bc3 Be7 13. Ne5 Qc7 14. O-O Bf6
15. f4 O-O 16. Qe2 Be4 17. Nc4 Bxc3 18. bxc3 1/2-1/2

[Event "Pardubice op-A"]
[Site "Pardubice"]
[Date "2006.07.24"]
[Round "4"]
[White "Evdokimov, Alexander A"]
[Black "Kryvoruchko, Yuriy"]
[Result "1-0"]
[WhiteElo "2500"]
[BlackElo "2536"]
[PlyCount "65"]
[EventDate "2006.07.21"]
[EventType "swiss"]
[EventRounds "9"]
[EventCountry "CZE"]
[Source "ChessBase"]
[SourceDate "2006.09.14"]

1. d4 Nf6 2. c4 c5 3. d5 b5 4. Nf3 b4 5. Nbd2 g6 6. e4 d6 7. g3 Bg7 8. Bg2 O-O
9. O-O a5 10. a4 Ra7 11. e5 Ng4 12. e6 fxe6 13. Ng5 e5 14. Bh3 Nf6 15. Be6+ Kh8
16. b3 Na6 17. Bxc8 Qxc8 18. Ne6 Re8 19. Bb2 Nc7 20. Nxg7 Kxg7 21. f4 exf4 22.
Rxf4 Kg8 23. Qf3 Rf8 24. Rf1 Ra8 25. Bxf6 exf6 26. Rxf6 Rxf6 27. Qxf6 Qd7 28.
Ne4 Rd8 29. Ng5 Qe8 30. Nf7 Qe3+ 31. Rf2 Qe1+ 32. Kg2 Qe4+ 33. Kh3 1-0

[Event "7th Amplico AIG Life"]
[Site "Warsaw POL"]
[Date "2007.12.15"]
[Round "8"]
[White "Moranda, W."]
[Black "Ganguly, S."]
[Result "1-0"]
[WhiteElo "2533"]
[BlackElo "2585"]
[PlyCount "63"]
[EventDate "2007.12.15"]
[SourceDate "1999.07.01"]

1. d4 Nf6 2. c4 c5 3. d5 b5 4. cxb5 a6 5. f3 e6 6. e4 exd5 7. e5 Qe7 8. Qe2 Ng8
9. Nc3 Bb7 10. Nh3 c4 11. Nf4 axb5 12. Nfxd5 Bxd5 13. Nxd5 Qc5 14. Qe4 Qc6 15.
a4 Rxa4 16. Rxa4 bxa4 17. Bxc4 Bc5 18. Bb5 Qc8 19. Qc4 Ne7 20. Nxe7 Kxe7 21.
Bg5+ f6 22. exf6+ gxf6 23. Qe4+ Kf7 24. Bc4+ Kg7 25. Bxf6+ Kxf6 26. Qf4+ Ke7
27. Qe5+ Kd8 28. Qxh8+ Kc7 29. Qxc8+ Kxc8 30. Bb5 Bd4 31. Bxa4 Bxb2 32. Bb5 1-0

[Event "ch-Euro Blitz"]
[Site "Ajaccio FRA"]
[Date "2007.10.25"]
[Round "21"]
[White "Mikhalevski, V."]
[Black "Van Wely, L."]
[Result "0-1"]
[WhiteElo "2584"]
[BlackElo "2679"]
[PlyCount "57"]
[EventDate "2007.10.25"]
[SourceDate "1999.07.01"]

1. d4 Nf6 2. c4 c5 3. d5 b5 4. Nf3 Bb7 5. Qb3 a6 6. a4 Qb6 7. axb5 axb5 8. Rxa8
Bxa8 9. Nc3 b4 10. Nb1 g6 11. g3 Bg7 12. Bg2 O-O 13. O-O d6 14. Nh4 Nbd7 15. e4
Bb7 16. f4 Ra8 17. Re1 Ra1 18. Qd3 Ng4 19. Nf3 Qa6 20. h3 Qa2 21. Bd2 Ngf6 22.
b3 Ne8 23. Kh2 Nb6 24. e5 Bc8 25. g4 Qb2 26. Kg3 Ba6 27. h4 Nc7 28. exd6 exd6
29. Qe3 0-1

[Event "1st WMSG Blitz Ind"]
[Site "Beijing CHN"]
[Date "2008.10.04"]
[Round "10"]
[White "Markos, J."]
[Black "Aveskulov, V."]
[Result "0-1"]
[WhiteElo "2557"]
[BlackElo "2544"]
[PlyCount "86"]
[EventDate "2008.10.04"]
[SourceDate "1999.07.01"]

1. d4 Nf6 2. c4 c5 3. d5 b5 4. cxb5 a6 5. b6 g6 6. Nc3 d6 7. e4 Nbd7 8. a4 a5
9. Bb5 Bg7 10. Nf3 O-O 11. O-O Nxb6 12. Re1 Ne8 13. Bc6 Rb8 14. Nb5 Bg4 15. Qc2
Bxf3 16. gxf3 Nd7 17. f4 Nc7 18. Bd2 Na6 19. Ra3 Nb4 20. Bxb4 cxb4 21. Rg3 f5
22. b3 Nc5 23. e5 Ne4 24. Rg2 Qb6 25. e6 Bh6 26. Kh1 Bxf4 27. f3 Nf6 28. Qxf5
Bh6 29. Reg1 Bg7 30. Qd3 Nh5 31. Rg4 Rf4 32. Rxf4 Nxf4 33. Qe4 Rf8 34. Nxd6 Nh3
35. Rf1 Nf2+ 36. Rxf2 Qxf2 37. Bb5 Bd4 38. Qg4 Qe1+ 39. Kg2 Qf2+ 40. Kh3 Rxf3+
41. Qg3 Rxg3+ 42. hxg3 Be5 43. Ne4 Qf5+ 0-1

[Event "1st WMSG Blitz Team KO"]
[Site "Beijing CHN"]
[Date "2008.10.14"]
[Round "1.1"]
[White "Erdos, V."]
[Black "Kryvoruchko, Y."]
[Result "1/2-1/2"]
[WhiteElo "2577"]
[BlackElo "2627"]
[PlyCount "121"]
[EventDate "2008.10.13"]
[SourceDate "1999.07.01"]

1. d4 Nf6 2. c4 c5 3. d5 b5 4. Qc2 bxc4 5. e4 d6 6. Bxc4 g6 7. Nf3 Bg7 8. O-O
O-O 9. Nbd2 Ba6 10. Rd1 Nfd7 11. Rb1 Nb6 12. b3 Bxc4 13. bxc4 N8d7 14. Bb2 Bxb2
15. Rxb2 f6 16. Rb3 Qc8 17. Nf1 Qa6 18. Ne3 Ne5 19. Nd2 Rab8 20. f4 Nf7 21. Nf3
Nd7 22. Rdb1 Rxb3 23. Rxb3 Rb8 24. Kf2 Rb4 25. a3 Rb6 26. Qb2 Qa4 27. Rxb6 Nxb6
28. Nd2 Qa5 29. Nb3 Qa4 30. Nd2 Qa5 31. Ke2 Kg7 32. h4 h5 33. Qb3 Na4 34. Kd3
Nb6 35. Ke2 Na4 36. Kd3 Nb6 37. Ke2 Qa6 38. Kd3 Qc8 39. Qb5 Nh6 40. Qc6 Qa6 41.
Qc7 Qxa3+ 42. Ke2 Kf7 43. e5 fxe5 44. fxe5 dxe5 45. d6 Ng8 46. d7 Nxd7 47. Qxd7
Nf6 48. Qd3 Qb2 49. Qc2 Qd4 50. Qa2 Qxh4 51. Qxa7 Qd4 52. Qb8 e4 53. Qf4 Qd3+
54. Ke1 Qc3 55. Ke2 Qd3+ 56. Ke1 Qc3 57. Ke2 Qd3+ 58. Ke1 Qc3 59. Ke2 Qd3+ 60.
Ke1 Qc3 61. Ke2 1/2-1/2

[Event "5th DA Tan Malaysian Open"]
[Site "Kuala Lumpur MAS"]
[Date "2008.08.20"]
[Round "6"]
[White "Laylo, D."]
[Black "Sermek, D."]
[Result "1-0"]
[WhiteElo "2504"]
[BlackElo "2509"]
[PlyCount "71"]
[EventDate "2008.08.18"]
[SourceDate "1999.07.01"]

1. d4 Nf6 2. c4 c5 3. d5 b5 4. Nf3 g6 5. a4 bxc4 6. Nc3 d6 7. e4 Bg7 8. Bxc4
O-O 9. Qe2 Qa5 10. Bd2 Ba6 11. Nb5 Qb6 12. Bc3 Bb7 13. O-O a6 14. a5 Qd8 15.
Na3 Nbd7 16. h3 Qc7 17. Rfe1 Rfe8 18. Rad1 Nh5 19. Qd2 Bxc3 20. Qxc3 Nhf6 21.
Qd2 Kg7 22. Ba2 Rab8 23. Nc4 Ba8 24. Nh4 Rb4 25. f4 e6 26. dxe6 Rxe6 27. Nxd6
Rd4 28. Ndf5+ gxf5 29. Nxf5+ Kg8 30. Nxd4 cxd4 31. Bxe6 fxe6 32. e5 Nd5 33. f5
Nxe5 34. Qg5+ Kf7 35. Rxd4 Nf6 36. Rf4 1-0

[Event "17th Open"]
[Site "Chicago USA"]
[Date "2008.05.26"]
[Round "7"]
[White "Yermolinsky, A."]
[Black "Gurevich, D."]
[Result "1/2-1/2"]
[WhiteElo "2518"]
[BlackElo "2513"]
[PlyCount "45"]
[EventDate "2008.05.23"]
[SourceDate "1999.07.01"]

1. d4 Nf6 2. c4 c5 3. d5 b5 4. cxb5 a6 5. b6 d6 6. Nc3 Nbd7 7. a4 Qxb6 8. a5
Qc7 9. e4 g6 10. Nf3 Bg7 11. h3 c4 12. Nd2 Nc5 13. Nxc4 O-O 14. Be3 Rb8 15. Bd3
Rb4 16. Bxc5 Qxc5 17. Ra4 Bd7 18. Rxb4 Qxb4 19. O-O Bb5 20. Nxb5 Qxb5 21. Nxd6
Qc5 22. Nc4 Nxe4 23. Bxe4 1/2-1/2

[Event "IX EICC"]
[Site "Plovdiv BUL"]
[Date "2008.04.24"]
[Round "4"]
[White "Volkov, Sergey1"]
[Black "Perunovic, Mil"]
[Result "1-0"]
[WhiteElo "2633"]
[BlackElo "2579"]
[PlyCount "77"]
[EventDate "2008.04.21"]
[SourceDate "1999.07.01"]

1. d4 Nf6 2. c4 c5 3. d5 b5 4. Nf3 Bb7 5. a4 Qa5+ 6. Bd2 b4 7. Qc2 d6 8. e4
Nbd7 9. Bd3 g6 10. O-O Bg7 11. h3 O-O 12. Bf4 Qc7 13. Bh2 e5 14. dxe6 fxe6 15.
Ng5 Rae8 16. f4 Bh6 17. e5 dxe5 18. Bxg6 hxg6 19. Qxg6+ Bg7 20. Nd2 exf4 21.
Bxf4 Ne5 22. Bxe5 Qxe5 23. Rxf6 Qe3+ 24. Kh1 Rxf6 25. Qxe8+ Rf8 26. Qg6 Rf6 27.
Qe8+ Rf8 28. Qh5 Rf5 29. Nde4 Bxe4 30. Qe8+ Rf8 31. Qxe6+ Kh8 32. Nxe4 Bxb2 33.
Rd1 Bd4 34. Qg4 Qf4 35. Qh5+ Kg8 36. Qg6+ Bg7 37. Nxc5 Qxc4 38. Ne6 Rf1+ 39.
Kh2 1-0

[Event "XXIV Open"]
[Site "Cappelle La Grande FRA"]
[Date "2008.02.22"]
[Round "8"]
[White "Kazhgaleyev, M."]
[Black "Li Shilong"]
[Result "1-0"]
[WhiteElo "2594"]
[BlackElo "2502"]
[PlyCount "47"]
[EventDate "2008.02.16"]
[SourceDate "1999.07.01"]

1. d4 Nf6 2. c4 c5 3. d5 b5 4. cxb5 a6 5. e3 g6 6. Nc3 Bg7 7. Nf3 O-O 8. a4 d6
9. e4 axb5 10. Bxb5 Na6 11. O-O Nb4 12. Bf4 Bg4 13. Rc1 Nh5 14. Bd2 e5 15. h3
Bc8 16. Re1 Nf4 17. Bxf4 exf4 18. Qd2 g5 19. e5 g4 20. hxg4 Bxg4 21. Nh2 Bh5
22. Ne4 dxe5 23. Nxc5 Qa5 24. Nb3 1-0

[Event "Russia Cup Final"]
[Site "Serpuhov RUS"]
[Date "2008.11.08"]
[Round "2.3"]
[White "Vorobiov, E."]
[Black "Zvjaginsev, V."]
[Result "0-1"]
[WhiteElo "2577"]
[BlackElo "2646"]
[PlyCount "80"]
[EventDate "2008.11.05"]
[SourceDate "1999.07.01"]

1. d4 Nf6 2. c4 c5 3. d5 b5 4. Nf3 g6 5. Qc2 bxc4 6. e4 Bg7 7. Bxc4 d6 8. Nc3
O-O 9. O-O Ba6 10. Nd2 Nfd7 11. Bxa6 Nxa6 12. Nc4 Nb6 13. Qe2 Nxc4 14. Qxc4 Qb6
15. Rb1 Rab8 16. Bg5 Rfe8 17. Rfe1 Nb4 18. Qe2 Qa6 19. Qd2 Qd3 20. Red1 Qxd2
21. Rxd2 Bxc3 22. bxc3 Nxd5 23. Rxb8 Rxb8 24. f3 f6 25. Rxd5 fxg5 26. e5 Rb6
27. exd6 exd6 28. Rxg5 Kf7 29. Rd5 Rb1+ 30. Kf2 Ke6 31. Rd2 Rc1 32. Re2+ Kd7
33. Ke3 Rxc3+ 34. Kf4 c4 35. h4 Rd3 36. g4 c3 37. Rc2 d5 38. Ke5 d4 39. f4 Rd2
40. Rc1 c2 0-1

[Event "Open A"]
[Site "Moscow RUS"]
[Date "2009.02.04"]
[Round "5"]
[White "Yakovich, Yur"]
[Black "Zvjaginsev, V."]
[Result "1/2-1/2"]
[WhiteElo "2556"]
[BlackElo "2636"]
[PlyCount "74"]
[EventDate "2009.01.31"]
[SourceDate "1999.07.01"]

1. d4 Nf6 2. c4 c5 3. d5 b5 4. cxb5 a6 5. bxa6 g6 6. Nc3 Bxa6 7. g3 Bg7 8. Bg2
d6 9. Nf3 O-O 10. O-O Bb7 11. e4 Nbd7 12. Qc2 Ng4 13. b3 Ba6 14. Rd1 Nge5 15.
Nxe5 Nxe5 16. h3 Qa5 17. Bb2 c4 18. Ne2 Rfc8 19. bxc4 Rxc4 20. Qd2 Qxd2 21.
Rxd2 Ra4 22. Bxe5 Bxe5 23. Rc1 Bxe2 24. Rxe2 Rxa2 25. Rec2 g5 26. Bf3 Kg7 27.
Kg2 Kg6 28. Bd1 h5 29. Rxa2 Rxa2 30. Rc2 Ra1 31. Bf3 h4 32. gxh4 gxh4 33. Bg4
Kf6 34. Rd2 Bf4 35. Rd3 Ke5 36. Kf3 Ra2 37. Bh5 f5 1/2-1/2

[Event "Moscow Open A 2013"]
[Site "Moscow RUS"]
[Date "2013.02.07"]
[Round "6.12"]
[White "Nyzhnyk, I."]
[Black "Tukhaev, A."]
[Result "1-0"]
[WhiteElo "2637"]
[BlackElo "2517"]
[PlyCount "57"]
[EventDate "2013.02.02"]
[SourceDate "1999.07.01"]

1. d4 Nf6 2. c4 c5 3. d5 b5 4. cxb5 a6 5. b6 d6 6. Nc3 g6 7. e4 Nbd7 8. a4 Qxb6
9. a5 Qb4 10. Ra4 Qb7 11. f4 Bg7 12. Nf3 O-O 13. Bc4 Ne8 14. O-O Nc7 15. Qe2
Nf6 16. Ra3 e6 17. Rb3 Qa7 18. dxe6 Bxe6 19. Rd1 Rfe8 20. Rb6 Bxc4 21. Qxc4 Nb5
22. e5 dxe5 23. fxe5 Nd7 24. Rxa6 Qxa6 25. Rxd7 Qe6 26. Qxe6 Rxe6 27. Nxb5 Bxe5
28. Nxe5 Rxe5 29. Nc7 1-0